| Tag |
First Indicator |
Second Indicator |
Subfields |
| LEADER |
00000cgm a2200000Mi 4500 |
| 001 |
in00002849113 |
| 005 |
20190331170835.0 |
| 006 |
m c |
| 007 |
cr |n|---||a|a |
| 007 |
vz |zazu| |
| 008 |
110616nuuuuuuuunyu069 g o vleng d |
| 035 |
|
|
|a (OCoLC)ocn747801494
|
| 035 |
|
|
|a (OCoLC)747801494
|
| 040 |
|
|
|a ALSTP
|b eng
|c ALSTP
|d OCLCQ
|d COO
|d VMC
|d UtOrBLW
|
| 049 |
|
|
|a TXAM
|
| 050 |
1 |
4 |
|a AE5
|b .A860 Internet
|
| 100 |
1 |
|
|a Grimm, Jacob,
|d 1785-1863.
|
| 245 |
1 |
0 |
|a Story theatre.
|
| 264 |
|
1 |
|a New York, NY :
|b Broadway Theater Archive,
|c [date of publication not identified]
|
| 300 |
|
|
|a 1 online resource (69 min.)
|
| 336 |
|
|
|a two-dimensional moving image
|b tdi
|2 rdacontent
|
| 337 |
|
|
|a computer
|b c
|2 rdamedia
|
| 338 |
|
|
|a online resource
|b cr
|2 rdacarrier
|
| 500 |
|
|
|a Originally released as DVD.
|
| 500 |
|
|
|a Title from resource description page (viewed Jun. 20, 2011).
|
| 518 |
|
|
|a Originally recorded in 1969.
|
| 546 |
|
|
|a English.
|
| 588 |
|
|
|a Description based on print version record.
|
| 500 |
|
|
|a Electronic resource.
|
| 650 |
|
0 |
|a Fairy tales
|v Film adaptations.
|
| 650 |
|
0 |
|a Theater.
|
| 655 |
|
7 |
|a Nonfiction films.
|2 lcgft
|
| 655 |
|
7 |
|a Documentary films.
|2 lcgft
|
| 655 |
|
7 |
|a Internet videos.
|2 lcgft
|
| 655 |
|
7 |
|a Performance.
|2 lcgft
|
| 655 |
|
0 |
|a Performance.
|
| 700 |
1 |
|
|a Ackroyd, David.
|
| 700 |
1 |
|
|a Brick, Jim.
|
| 700 |
1 |
|
|a Clennon, David.
|
| 700 |
1 |
|
|a Damashek, Barbara.
|
| 700 |
1 |
|
|a Dunnock, Mildred.
|
| 700 |
1 |
|
|a Epstein, Alvin,
|d 1925-
|
| 700 |
1 |
|
|a Grimm, Wilhelm,
|d 1786-1859.
|
| 700 |
1 |
|
|a Jones, Pamela.
|
| 700 |
1 |
|
|a Lombard, Michael,
|d 1934-
|
| 700 |
1 |
|
|a Pape, Joan.
|
| 700 |
1 |
|
|a Sills, Paul,
|d 1927-2008.
|
| 700 |
1 |
|
|a Spielberg, David,
|d 1939-
|
| 710 |
2 |
|
|a National Educational Television and Radio Center.
|
| 710 |
2 |
|
|a Yale School of Drama.
|
| 830 |
|
0 |
|a Theatre in video.
|
| 856 |
4 |
0 |
|u http://proxy.library.tamu.edu/login?url=http://www.aspresolver.com/aspresolver.asp?ATIV;854723
|z Connect to this online video
|t 0
|
| 994 |
|
|
|a 92
|b TXA
|
| 999 |
|
|
|a MARS
|
| 999 |
f |
f |
|s 93708ce1-5adf-3aa3-8c88-8d8f7e4a1476
|i a1a08ea1-7d49-3d54-8691-5375875e7a06
|t 0
|
| 952 |
f |
f |
|a Texas A&M University
|b College Station
|c Electronic Resources
|d Available Online
|t 0
|e AE5 .A860 Internet
|h Library of Congress classification
|
| 998 |
f |
f |
|a AE5 .A860 Internet
|t 0
|l Available Online
|